Khí hậu biến đổi Thảm kịch vô tiền khoáng hậu trong lịch sử nhân loại

সংরক্ষণ করুন:
গ্রন্থ-পঞ্জীর বিবরন
প্রধান লেখক: Rahmstorf S.
বিন্যাস: গ্রন্থ
ভাষা:Vietnamese
প্রকাশিত: Tp. HCM Trẻ 2008
বিষয়গুলি:
ট্যাগগুলো: ট্যাগ যুক্ত করুন
কোনো ট্যাগ নেই, প্রথমজন হিসাবে ট্যাগ করুন!
Thư viện lưu trữ: Mạng thư viện Đại học Đà Nẵng
LEADER 01032nam a2200301 4500
001 000014115
003 10470
005 20120405090442.0
008 120329s2008 viesd
020 |c 32000đ 
041 0 |a vie 
082 |a 551.63  |b RA-S 
100 0 |a Rahmstorf S. 
245 0 |a Khí hậu biến đổi  |b Thảm kịch vô tiền khoáng hậu trong lịch sử nhân loại  |c S. Rahmstorf - Han J. Schellnhuber (Tg), Trang Quan Sen(Dịch) 
260 |a Tp. HCM  |b Trẻ  |c 2008 
300 |a 245 tr.  |c 19 cm 
653 |a Khí hậu 
653 |a Biến đổi 
OWN |a LSP 
AVA |a UDN50  |b LSP  |d 551.63 RA-S  |e available  |t Error 5001 Not defined in file expand_doc_bib_avail.  |f 1  |g 0  |h N  |i 0  |k 1 
999 |a From the UDN01 
AVA |a UDN50  |b LSP  |d 551.63 RA-S  |e available  |t Error 5001 Not defined in file expand_doc_bib_avail.  |f 1  |g 0  |h N  |i 0  |k 1 
TYP |a Monograph 
TYP |a Printed language 
980 |a Mạng thư viện Đại học Đà Nẵng